h1

h2

h3

h4

h5
h6
000173850 001__ 173850
000173850 005__ 20210625091415.0
000173850 0247_ $$2ISSN$$a0170-9739
000173850 0247_ $$2ISSN$$a1431-5858
000173850 0247_ $$2HSB$$aama252
000173850 037__ $$aRWTH-CONV-051129
000173850 041__ $$aEnglish
000173850 1001_ $$0P:(DE-82)110559$$aDüren, M.$$b0$$eAuthor
000173850 245__ $$aJet production and fragmentation properties in deep inelastic muon-nucleon scattering$$honline, print
000173850 260__ $$aBerlin$$bSpringer$$c1987
000173850 3367_ $$0PUB:(DE-HGF)16$$2PUB:(DE-HGF)$$aJournal Article$$bjournal$$mjournal
000173850 3367_ $$2DataCite$$aOutput Types/Journal article
000173850 3367_ $$00$$2EndNote$$aJournal Article
000173850 3367_ $$2BibTeX$$aARTICLE
000173850 3367_ $$2ORCID$$aJOURNAL_ARTICLE
000173850 3367_ $$2DRIVER$$aarticle
000173850 7001_ $$0P:(DE-82)013631$$aLanske, D.$$b1$$eAuthor
000173850 7001_ $$0P:(DE-82)110598$$aScheer, M.$$b2$$eAuthor
000173850 7001_ $$0P:(DE-82)025927$$aScholz, M.$$b3$$eAuthor
000173850 7001_ $$0P:(DE-82)026592$$aSchultze, K.$$b4$$eAuthor
000173850 7001_ $$0P:(DE-82)026600$$aUrban, L.$$b5$$eAuthor
000173850 7001_ $$0P:(DE-82)113684$$aZiemons, K.$$b6$$eAuthor
000173850 7001_ $$0P:(DE-82)113682$$aEMC Collaboration$$b7$$eAuthor
000173850 773__ $$0PERI:(DE-600)1459069-4$$p527-543$$tZeitschrift für Physik / C, Particles and fields$$v36$$x0170-9739
000173850 909CO $$ooai:publications.rwth-aachen.de:173850$$pVDB
000173850 9151_ $$0StatID:(DE-HGF)0031$$2StatID$$aPeer reviewed article
000173850 9201_ $$0I:(DE-82)130000_20140620$$k130000$$lFachgruppe Physik$$x0
000173850 9201_ $$0I:(DE-82)133320_20140620$$k133320$$lLehr- und Forschungsgebiet Experimentalphysik (Hochenergiephysik)$$x1
000173850 9201_ $$0I:(DE-82)136220_20140620$$k136220$$lLehr- und Forschungsgebiet Physik (Theoretische Elementarteilchenphysik) (N.N.)$$x2
000173850 9201_ $$0I:(DE-82)131820_20140620$$k131820$$lLehr- und Forschungsgebiet Physik$$x3
000173850 9201_ $$0I:(DE-82)133110_20140620$$k133110$$lLehrstuhl für Experimentalphysik III A und III. Physikalisches Institut$$x4
000173850 961__ $$c2014-03-04$$x2011-03-24
000173850 970__ $$aama252
000173850 980__ $$ajournal
000173850 980__ $$aI:(DE-82)130000_20140620
000173850 980__ $$aI:(DE-82)133320_20140620
000173850 980__ $$aI:(DE-82)136220_20140620
000173850 980__ $$aI:(DE-82)131820_20140620
000173850 980__ $$aI:(DE-82)133110_20140620
000173850 980__ $$aVDB
000173850 980__ $$aUNRESTRICTED
000173850 980__ $$aConvertedRecord